000 01432cam a22001934a 4500
005 20250605164341.0
008 250528s ||||||||||||||||||||||||d
035 _a23610
040 _aGR-AtMCL
_bgre
_dGR-AtMCL
_eAACR2
245 1 _aThe Effect of Online Marketing Tools on Consumer Behavior Towards SMEs./The Case of the Greek Tourism Industry.
260 _c2016
300 _a89
520 _aIntroduction, Consumer Behavior, the History of the World Wide Web, the Online Marketing Tools, Affiliate - Email - Video - Mobile - Marketing, Search Engine Optimizational and Search Marketing, Social Media, Traditional Versus Online Marketing Tools, the Most Suitable Online Marketing Tools for the SME's of the Greek Tourism Industry, Research Design/Methodology, Data Collection / the Questionnaires, Ethical Considerations, Findings, Demographic Data, General Consumer Behavior Data, Consumer Behavior Towards a Specific Advertisement, the Effect of Online Marketing Tools on Consumer's Brand Attitude, he Effect of Online Marketing Tools on Consumer's Purchase Intention, the Trust of the Respondents Across Different Marketing Tools, the Intention of Using the Online Word of Mouth, Application, Conclusion and Recommendations, Personal Reflection, Appendix.
700 1 _aAthanasopoulos Vasilis
_99199
700 1 _aΛουκοπούλου Αποστολία
_99195
942 _cDS
999 _c8610
_d8610